| 000 | 00876cam a22002411 4500 | ||
|---|---|---|---|
| 001 | gs 05000390 | ||
| 003 | DLC | ||
| 005 | 20260227111301.0 | ||
| 008 | 780309s1892 xx 000 0 eng c | ||
| 010 | _ags 05000390 | ||
| 035 | _a(OCoLC)3700641 | ||
| 040 |
_aLibrary, U.S. Geological Survey _cOT _dDLC |
||
| 050 | 0 | 0 |
_aQE81 _b.A15 no. 4 |
| 051 |
_aQE81 _b.H42 |
||
| 100 | 1 |
_aHayes, C. W. _q(Charles Willard), _d1859-1916. |
|
| 245 | 0 | 0 |
_aReport on the geology of north-eastern Alabama, _band adjacent portions of Georgia and Tennessee. _cBy C. Willard Hayes. |
| 260 |
_aMontgomery, _bSmith, Allred & co., state printers and binders, _c1892. |
||
| 300 |
_a85, [1] p. _billus., pl., fold., col. map. _c23 cm. |
||
| 490 | 0 |
_aAlabama. Geological survey, 1873- Bulletin _vno. 4 |
|
| 650 | 0 |
_aGeology _zAlabama. |
|
| 650 | 0 |
_aGeology _zGeorgia. |
|
| 650 | 0 |
_aGeology _zTennessee. |
|
| 999 |
_c24227 _d24227 |
||